[Event "1st 4NCL International U2050"]
[Site "Telford"]
[Date "2018.11.02"]
[Round "4"]
[White "Gostelow, David W"]
[Black "Fallowfield, Nicholas"]
[Result "1/2-1/2"]
[WhiteElo "1892"]
[BlackElo "1883"]
[Annotator "NA RC"]
[PlyCount "38"]
[EventDate "2018.10.31"]
[EventType "swiss"]
[EventCountry "GBR"]
[SourceTitle "playchess.com"]
[Source "ChessBase"]
[SourceQuality "1"]
[TimeControl "5400+30"]

{[%evp 8,38,15,15,16,27,32767,23,20,-33,-20,32767,32767,32767,32767,32767,32767,-88,-58,-57,-69,-65,-56,-76,-64,-84,-89,-101,-50,-112,-58,-45,-36]} 1. d4 {[%emt 0:00:00]} d5 {[%emt 0:00:00]} 2. Bf4 {[%emt 0:00:00]} Bg4 {[%emt 0:00:00]} 3. c4 {[%emt 0:06:16]} Nc6 {[%emt 0:09:45]} 4. h3 {[%emt 0:19:04]} Bh5 {[%emt 0:01:15]} 5. Qa4 {[%emt 0:03:46]} e6 {[%emt 0:07:02]} 6. e3 {[%emt 0:01:27]} Bb4+ {[%emt 0:01:24]} 7. Nc3 {[%emt 0:01:11]} Nge7 {[%emt 0:03:09]} 8. c5 {[%emt 0:10:41]} (8. Nge2 $11) 8... O-O {[%emt 0:01:03]} 9. Be2 {[%emt 0:00:40]} Bxc3+ {[%emt 0:06:26]} 10. bxc3 {[%emt 0:00:05]} Bxe2 {[%emt 0:00:09]} 11. Nxe2 {[%emt 0:00:33]} b6 {[%emt 0:00:23]} 12. cxb6 {[%emt 0:04:24]} (12. Nc1 $11 {keeps the balance.}) 12... axb6 {[%emt 0:01:18]} 13. Qc2 {[%emt 0:00:57]} Na5 {[%emt 0:00:19]} 14. O-O {[%emt 0:00:09]} Nc4 {[%emt 0:01:11]} 15. Nc1 {[%emt 0:03:20]} Ra3 {[%emt 0:06:43]} 16. Nb3 {[%emt 0:02:18]} Nc6 {[%emt 0:06:22]} 17. e4 {[%emt 0:00:20]} Qd7 {[%emt 0:04:16]} 18. Rfe1 {[%emt 0:01:20]} Rfa8 {[%emt 0:02:22]} 19. exd5 {[%emt 0:00:34]} exd5 $15 {[%emt 0:02:40]} 1/2-1/2

[Event "1st 4NCL International U2050"]
[Site "Telford"]
[Date "2018.11.02"]
[Round "4"]
[White "Ali, Golam S"]
[Black "Wiltshir, Rich"]
[Result "1/2-1/2"]
[WhiteElo "1859"]
[BlackElo "1673"]
[Annotator "NA RC"]
[PlyCount "86"]
[EventDate "2018.10.31"]
[EventType "swiss"]
[EventCountry "GBR"]
[SourceTitle "playchess.com"]
[Source "ChessBase"]
[SourceQuality "1"]
[TimeControl "5400+30"]

{[%evp 17,77,29,29,12,20,6,66,64,69,7,12,0,32767,0,32767,-58,-37,-62,-48,-80,-84,-71,-83,-100,-31,-12,0,-14,-2,-31,-12,-98,-12,-8,-13,-20,0,-23,-15,-25,-14,32767,-18,0,0,-4,32767,32767,32767,32767,0,-6,0,-389,-462,-277,-470,-4134,-11268,-12842,0,0]} 1. d4 {[%emt 0:00:00]} d5 {[%emt 0:00:00]} 2. c4 {[%emt 0:00:00]} Nf6 {[%emt 0:01:30]} 3. Nc3 {[%emt 0:00:00]} e6 {[%emt 0:00:55]} 4. Bg5 {[%emt 0:00:15]} Be7 {[%emt 0:00:12]} 5. e3 {[%emt 0:00:08]} c6 {[%emt 0:01:13]} 6. Nf3 {[%emt 0:00:11]} Nbd7 {[%emt 0:00:45]} 7. Rc1 {[%emt 0:05:12]} O-O {[%emt 0:01:20]} 8. Bd3 {[%emt 0:00:12]} a5 {[%emt 0:05:10] D66: Queen's Gambit Declined: Classical: Main Line (7 Rc1 c6 8 Bd3)} (8... dxc4 9. Bxc4 Nd5 10. Bxe7 Qxe7 11. O-O Nxc3 12. Rxc3 e5 13. Bb3 e4 14. Nd2 Nf6 15. Qb1 Bf5 16. f4 g6 17. h3 h5 18. a3 Kg7 19. Qe1 Rfc8 20. Ba2 b6 21. Qe2 Rc7 22. Rfc1 {½-½ (61) Peralta,F (2569)-Salinas Herrera,P (2486) Batumi 2018}) 9. c5 $146 {[%emt 0:02:45]} ({Predecessor:} 9. O-O h6 10. Bh4 Re8 11. Re1 Nf8 12. Qc2 dxc4 13. Bxc4 Ng6 14. Bg3 Nh5 15. a4 Nxg3 16. hxg3 {1-0 (43) Kroo,I (1866)-Raguz,I (2003) Djakovo 2006}) 9... b6 {[%emt 0:01:56]} 10. cxb6 {[%emt 0:09:02]} c5 {[%emt 0:01:44]} 11. O-O {[%emt 0:07:55]} cxd4 {[%emt 0:02:37]} 12. exd4 {[%emt 0:00:22]} Qxb6 {[%emt 0:01:49]} 13. Qc2 {[%emt 0:02:43]} ({White should try} 13. Ne5 $16) 13... h6 {[%emt 0:00:17]} 14. Na4 {[%emt 0:01:26]} Qd6 {[%emt 0:00:51]} 15. Bxf6 {[%emt 0:09:26]} Bxf6 {[%emt 0:06:44]} 16. Nc5 {[%emt 0:01:15]} ({Better is} 16. Qc6 $11 Qxc6 17. Rxc6) 16... Qf4 {[%emt 0:06:56]} 17. Nxd7 {[%emt 0:07:47]} Bxd7 {[%emt 0:04:43]} 18. Qc7 {[%emt 0:00:25]} Qxc7 {[%emt 0:00:16]} 19. Rxc7 {[%emt 0:00:06]} Rfd8 {[%emt 0:00:40]} 20. Ne5 {[%emt 0:03:16] [#]} Bxe5 {[%emt 0:00:34]} (20... Be8 $1 $17 21. Rfc1 Rdb8) 21. dxe5 {[%emt 0:00:06]} Kf8 {[%emt 0:00:57]} 22. f4 {[%emt 0:00:27]} Ke8 {[%emt 0:01:16]} 23. f5 {[%emt 0:00:32]} Rdc8 {[%emt 0:01:38]} 24. Rfc1 {[%emt 0:13:55]} (24. Rxc8+ $11 {keeps the balance.} Rxc8 25. f6) 24... Kd8 {[%emt 0:02:45]} ({Better is} 24... exf5 $17 25. Kf2 Rcb8) 25. Rxc8+ {[%emt 0:03:29]} Rxc8 {[%emt 0:00:19]} 26. Rxc8+ {[%emt 0:00:06]} Kxc8 {[%emt 0:00:16]} 27. g4 {[%emt 0:00:51]} Kc7 {[%emt 0:00:44]} 28. Kf2 {[%emt 0:00:53]} Kb6 {[%emt 0:00:17]} 29. Ke3 {[%emt 0:06:47]} Kc5 {[%emt 0:01:22]} 30. h4 $1 {[%emt 0:00:35]} Ba4 {[%emt 0:04:22]} 31. g5 {[%emt 0:07:52]} exf5 {[%emt 0:04:24]} 32. Bxf5 {[%emt 0:00:59]} hxg5 {[%emt 0:01:14]} 33. hxg5 {[%emt 0:00:42]} d4+ {[%emt 0:00:49]} 34. Kf4 {[%emt 0:01:45]} Bb5 {[%emt 0:01:17]} 35. e6 $2 {[%emt 0:02:16]} (35. g6 $11 {and White has nothing to worry.} fxg6 36. Bxg6) 35... fxe6 {[%emt 0:00:28]} 36. Bxe6 {[%emt 0:00:13]} Bc4 {[%emt 0:00:20]} 37. Bxc4 {[%emt 0:02:18]} (37. Bd7 $142 Bxa2 38. Ke4) 37... Kxc4 {[%emt 0:00:16]} 38. Ke4 {[%emt 0:00:41]} g6 $2 {[%emt 0:02:15]} (38... a4 {mates} 39. Kf4 {[#]} a3 $1 {[%mdl 512]} 40. bxa3 d3 41. Kf5 d2 42. Kg6 d1=Q 43. Kxg7 Kd5 44. Kf7 Qf3+ 45. Ke7 Qf5 46. Ke8 Kd6 47. a4 Qg6+ 48. Kf8 Ke6 49. a5 Qf7#) 39. a4 $11 {[%emt 0:03:23]} d3 {[%emt 0:06:02]} 40. Ke3 {[%emt 0:00:21]} Kb3 {[%emt 0:01:26]} 41. Kxd3 {[%emt 0:00:10]} Kxa4 {[%emt 0:00:12]} 42. Kc3 {[%emt 0:08:04]} Kb5 {[%emt 0:00:16]} 43. Kb3 {[%emt 0:00:28]} a4+ {[%emt 0:02:28]} 1/2-1/2

[Event "1st 4NCL International U2050"]
[Site "Telford"]
[Date "2018.11.02"]
[Round "4"]
[White "Walley, A Clive"]
[Black "Benson, Paul J"]
[Result "1-0"]
[WhiteElo "1846"]
[BlackElo "1912"]
[Annotator "NA RC"]
[PlyCount "53"]
[EventDate "2018.10.31"]
[EventType "swiss"]
[EventCountry "GBR"]
[SourceTitle "playchess.com"]
[Source "ChessBase"]
[SourceQuality "1"]
[TimeControl "5400+30"]

{[%evp 22,53,58,32767,62,-133,-135,-123,34,25,31,22,60,11,22,0,11,0,10,8,0,0,3,0,33,25,33,53,199,32767,327,329,331,329]} 1. e4 {[%emt 0:05:42]} c5 {[%emt 0:00:17]} 2. Nf3 {[%emt 0:00:16]} g6 {[%emt 0:00:16]} 3. d4 {[%emt 0:00:10]} cxd4 {[%emt 0:00:15]} 4. Nxd4 {[%emt 0:00:05]} Nc6 {[%emt 0:00:31]} 5. c4 {[%emt 0:00:19]} Bg7 {[%emt 0:01:00]} 6. Be3 {[%emt 0:00:27]} Nf6 {[%emt 0:00:24]} 7. Nc3 {[%emt 0:00:12]} d6 {[%emt 0:02:30]} 8. Be2 {[%emt 0:00:26]} O-O {[%emt 0:00:30]} 9. f3 {[%emt 0:00:20]} Bd7 {[%emt 0:05:26]} 10. Qd2 {[%emt 0:00:28]} Qa5 {[%emt 0:03:31] B38: Sicilian: Maroczy Bind with 5...Bg7 and 7...0-0} (10... Nxd4 11. Bxd4 a5 12. b3 Bc6 13. O-O Nd7 14. Be3 Nc5 15. Rab1 e6 16. a3 Be5 17. b4 axb4 18. axb4 Ra3 19. bxc5 Rxc3 20. f4 Bg7 21. e5 dxe5 22. Qxc3 exf4 23. Qd2 Qg5 {0-1 (43) Bu,X (2730)-Savchenko,B (2566) Riadh 2017}) 11. Rc1 {[%emt 0:00:41]} Rfc8 {[%emt 0:04:48]} 12. b3 {[%emt 0:00:57]} a6 {[%emt 0:05:32]} 13. Na4 $2 $146 {[%emt 0:12:21]} ({Predecessor:} 13. Nxc6 $14 {keeps the upper hand.} Bxc6 14. O-O (14. Nd5 Qxd2+ 15. Kxd2 Nxd5 16. cxd5 Bd7 17. g4 Bb2 18. Rc2 Ba3 19. h4 a5 20. Bd3 Bb4+ 21. Ke2 Rxc2+ 22. Bxc2 a4 23. Rb1 Bb5+ 24. Kd1 a3 {0-1 (43) Hassan,T (2231)-Ameir,M (2283) Cairo 2012})) 13... Qxd2+ {[%emt 0:08:37]} 14. Kxd2 {[%emt 0:00:09]} Nxe4+ $2 {[%emt 0:07:28]} ({Black should play} 14... Nxd4 $17 15. Bxd4 Bxa4 16. bxa4 {[#]} Nxe4+ $1 {[%mdl 512]} 17. fxe4 Bxd4) 15. fxe4 {[%emt 0:02:01]} Nxd4 {[%emt 0:02:55]} 16. Nb6 {[%emt 0:01:45]} Nxe2 {[%emt 0:11:14]} 17. Kxe2 {[%emt 0:01:10]} Bc6 {[%emt 0:08:16]} 18. Nxa8 {[%emt 0:01:05]} Rxa8 {[%emt 0:00:11]} 19. Kd3 {[%emt 0:02:11]} f5 {[%emt 0:06:12]} 20. exf5 {[%emt 0:01:56]} gxf5 {[%emt 0:00:27]} 21. Rhf1 {[%emt 0:08:52]} Be4+ {[%emt 0:03:40]} 22. Ke2 {[%emt 0:03:53]} e5 {[%emt 0:02:06]} 23. g3 {[%emt 0:01:59]} Kf7 {[%emt 0:01:21]} 24. g4 {[%emt 0:05:58]} f4 $2 {[%emt 0:01:41]} ({Black should play} 24... Ke6 $14) 25. Bxf4 {[%emt 0:01:52]} Bg2 {[%emt 0:12:00]} (25... Ke6 {was necessary.}) 26. Rf2 {[%emt 0:01:51]} exf4 {[%emt 0:00:12]} 27. Rxg2 $18 {[%emt 0:00:26]} 1-0

[Event "1st 4NCL International U2050"]
[Site "Telford"]
[Date "2018.11.02"]
[Round "4"]
[White "Towers, Nigel S"]
[Black "Gogia, Armaan"]
[Result "0-1"]
[WhiteElo "1843"]
[BlackElo "1808"]
[Annotator "NA RC"]
[PlyCount "126"]
[EventDate "2018.10.31"]
[EventType "swiss"]
[EventCountry "GBR"]
[SourceTitle "playchess.com"]
[Source "ChessBase"]
[SourceQuality "1"]
[TimeControl "5400+30"]

1. e4 {[%emt 0:00:00]} c5 {[%emt 0:00:00]} 2. Nf3 {[%emt 0:00:00]} d6 {[%emt 0:00:00]} 3. d4 {[%emt 0:00:00]} cxd4 {[%emt 0:00:00]} 4. Nxd4 {[%emt 0:00:00]} Nf6 {[%emt 0:00:00]} 5. Nc3 {[%emt 0:00:00]} a6 {[%emt 0:00:00]} 6. g3 {[%emt 0:00:05]} e5 {[%emt 0:00:00]} 7. Nde2 {[%emt 0:00:05]} b5 {[%emt 0:00:01]} 8. Bg2 {[%emt 0:00:13]} Bb7 {[%emt 0:00:04]} 9. O-O {[%emt 0:00:17]} Nbd7 {[%emt 0:00:06] LiveBook: 77 Games} 10. a4 {[%emt 0:13:22]} b4 {[%emt 0:00:10] B91: Sicilian Najdorf: 6 g3} 11. Nd5 {[%emt 0:00:21]} Nxd5 {[%emt 0:00:05]} 12. exd5 {[%emt 0:00:05]} Be7 {[%emt 0:01:21]} (12... a5 13. c3 bxc3 14. Nxc3 Be7 15. Be3 O-O 16. Nb5 Ba6 17. Qd2 Rb8 (17... Nc5 18. Bxc5 dxc5 {1-0 (54) Norberg,J (2298)-Svensson,B (2342) Sweden 2017}) 18. b4 axb4 19. Qxb4 {½-½ (27) Fressinet,L (2658)-Wojtaszek,R (2640) Novi Sad 2009}) 13. Be3 {[%emt 0:04:51]} a5 {[%emt 0:00:27]} 14. h3 $146 {[%emt 0:06:33]} (14. c4 $11 {remains equal.}) 14... Ba6 {[%emt 0:00:14]} 15. Re1 {[%emt 0:02:50]} O-O {[%emt 0:01:51]} 16. g4 {[%emt 0:04:50]} Bxe2 {[%emt 0:11:49]} 17. Qxe2 {[%emt 0:00:46]} Bg5 {[%emt 0:00:03]} 18. Qd2 {[%emt 0:10:43]} Bxe3 {[%emt 0:05:05]} 19. Qxe3 {[%emt 0:00:51]} Qb6 {[%emt 0:00:03]} (19... f5 $19 20. Qg3 Rc8) 20. Qd2 {[%emt 0:14:04]} (20. Qxb6 $17 {keeps fighting.} Nxb6 21. c3) 20... Rac8 {[%emt 0:02:32]} 21. Be4 {[%emt 0:04:15]} Rc5 {[%emt 0:04:15]} 22. g5 {[%emt 0:06:18]} f5 {[%emt 0:01:14]} 23. gxf6 {[%emt 0:00:35]} Nxf6 {[%emt 0:00:32]} ({But not} 23... Rxf6 24. Re3 $17) 24. Bf5 {[%emt 0:04:51]} Nh5 {[%emt 0:01:05]} 25. Be6+ {[%emt 0:07:05]} Kh8 {[%emt 0:02:00]} 26. Re3 {[%emt 0:04:43]} Qd8 {[%emt 0:05:21]} 27. c3 {[%emt 0:07:46]} Rc4 {[%emt 0:09:21]} 28. Qe2 {[%emt 0:03:53]} Qg5+ {[%emt 0:03:42]} 29. Bg4 {[%emt 0:00:55]} (29. Kh1 $142 Nf4 30. Qf1) 29... Rcf4 {[%emt 0:02:59]} 30. Rf1 {[%emt 0:01:25]} bxc3 {[%emt 0:04:09]} 31. Rxc3 {[%emt 0:00:28]} Rxa4 {[%emt 0:01:04]} 32. Qc2 {[%emt 0:01:23]} Raf4 {[%emt 0:04:17]} 33. Kh2 $19 {[%emt 0:01:02]} Nf6 {[%emt 0:04:03]} 34. Rg3 {[%emt 0:01:15]} Nxg4+ {[%emt 0:01:13]} 35. hxg4 {[%emt 0:00:20]} Qh4+ {[%emt 0:00:22]} 36. Kg2 {[%emt 0:00:19]} Rxg4 {[%emt 0:00:22]} 37. Qe2 {[%emt 0:00:15]} Rxg3+ {[%emt 0:01:59]} 38. fxg3 {[%emt 0:00:06]} Qd8 {[%emt 0:00:17]} 39. Rxf8+ {[%emt 0:00:35]} Qxf8 {[%emt 0:00:09]} 40. Qa6 {[%emt 0:00:43]} Qd8 {[%emt 0:00:41]} 41. Qc4 {[%emt 0:01:10]} h6 {[%emt 0:00:50]} 42. b4 {[%emt 0:00:17]} axb4 {[%emt 0:01:34]} 43. Qxb4 {[%emt 0:00:09]} Qc7 {[%emt 0:00:50]} 44. Qb5 {[%emt 0:00:43]} Qc2+ {[%emt 0:01:33]} 45. Kh3 {[%emt 0:00:19]} Qf5+ {[%emt 0:00:27]} 46. Kg2 {[%emt 0:00:18]} e4 {[%emt 0:00:27]} 47. Qb8+ {[%emt 0:00:29]} Kh7 {[%emt 0:00:31]} 48. Qxd6 {[%emt 0:00:10]} e3 {[%emt 0:01:16]} 49. Qe6 {[%emt 0:01:02]} Qxe6 {[%emt 0:00:20]} 50. dxe6 {[%emt 0:00:05]} Kg6 {[%emt 0:00:17]} 51. Kf3 {[%emt 0:00:44]} Kf6 {[%emt 0:00:06]} 52. Kxe3 {[%emt 0:00:15]} Kxe6 {[%emt 0:00:05]} 53. Ke4 {[%emt 0:00:46]} Kf6 {[%emt 0:01:15]} 54. Kf4 {[%emt 0:00:08]} h5 {[%emt 0:00:18]} 55. Kf3 {[%emt 0:00:38]} Kf5 {[%emt 0:00:10]} 56. g4+ {[%emt 0:01:47]} hxg4+ {[%emt 0:00:07]} 57. Kg3 {[%emt 0:00:05]} Kg5 {[%emt 0:00:06]} 58. Kg2 {[%emt 0:00:12]} Kh4 {[%emt 0:00:07]} 59. Kh2 {[%emt 0:00:04]} g3+ {[%emt 0:00:05]} 60. Kg2 {[%emt 0:00:08]} Kg4 {[%emt 0:00:07]} 61. Kg1 {[%emt 0:00:12]} Kh3 {[%emt 0:00:06]} 62. Kh1 {[%emt 0:00:11]} g2+ {[%emt 0:00:07]} 63. Kg1 {[%emt 0:00:06]} g6 {[%emt 0:01:04]} 0-1

[Event "1st 4NCL International U2050"]
[Site "Telford"]
[Date "2018.11.02"]
[Round "4"]
[White "Somton, Anita"]
[Black "Chung, Ethan Cj"]
[Result "1-0"]
[WhiteElo "1795"]
[BlackElo "1577"]
[Annotator "NA RC"]
[PlyCount "51"]
[EventDate "2018.10.31"]
[EventType "swiss"]
[EventCountry "GBR"]
[SourceTitle "playchess.com"]
[Source "ChessBase"]
[SourceQuality "1"]
[TimeControl "5400+30"]

1. e4 {[%emt 0:00:00]} d5 {[%emt 0:00:00]} 2. exd5 {[%emt 0:00:02]} Nf6 {[%emt 0:00:00]} 3. d4 {[%emt 0:00:35]} Nxd5 {[%emt 0:00:11]} 4. Nf3 {[%emt 0:00:24]} Bf5 {[%emt 0:01:15]} 5. Bd3 {[%emt 0:04:04]} Bg4 {[%emt 0:05:59]} 6. O-O {[%emt 0:03:11]} e6 {[%emt 0:01:03]} 7. Re1 {[%emt 0:05:00]} Be7 {[%emt 0:04:56]} 8. Nbd2 {[%emt 0:08:30]} a6 {[%emt 0:03:44]} 9. Ne4 {[%emt 0:02:58]} Nc6 {[%emt 0:04:46]} 10. c3 {[%emt 0:01:54]} h6 {[%emt 0:07:28]} 11. h3 {[%emt 0:02:03]} Bf5 {[%emt 0:05:08]} 12. Ng3 {[%emt 0:03:01]} Bxd3 {[%emt 0:01:58]} 13. Qxd3 {[%emt 0:00:09]} Qd7 {[%emt 0:04:55]} 14. a3 {[%emt 0:03:10]} Bf6 {[%emt 0:09:43]} 15. Ne4 {[%emt 0:01:34]} Be7 {[%emt 0:01:26]} 16. c4 {[%emt 0:03:06]} Nf6 {[%emt 0:01:45]} 17. Ng3 {[%emt 0:02:18]} O-O-O {[%emt 0:03:50]} 18. Be3 {[%emt 0:01:36]} Bc5 {[%emt 0:05:34]} 19. Rad1 {[%emt 0:02:02]} Ba7 {[%emt 0:01:14]} 20. b4 {[%emt 0:01:32]} e5 {[%emt 0:05:16]} 21. d5 {[%emt 0:01:15]} Bxe3 {[%emt 0:04:05]} 22. Qxe3 {[%emt 0:00:26]} Nb8 {[%emt 0:01:10]} 23. Nxe5 {[%emt 0:01:19]} Qe8 {[%emt 0:01:27]} 24. Qa7 {[%emt 0:02:33]} Qf8 {[%emt 0:03:34]} 25. a4 {[%emt 0:03:35]} Qxb4 {[%emt 0:03:50]} 26. Rb1 {[%emt 0:00:35]} 1-0

[Event "1st 4NCL International U2050"]
[Site "Telford"]
[Date "2018.11.02"]
[Round "4"]
[White "Potter, Steven"]
[Black "Truman, Richard G"]
[Result "0-1"]
[WhiteElo "1771"]
[BlackElo "1902"]
[Annotator "NA RC"]
[PlyCount "106"]
[EventDate "2018.10.31"]
[EventType "swiss"]
[EventCountry "GBR"]
[SourceTitle "playchess.com"]
[Source "ChessBase"]
[SourceQuality "1"]
[TimeControl "5400+30"]

{[%evp 12,83,-28,-54,32767,-56,-52,-50,-29,-38,-35,-44,-27,-33,-25,-18,-5,-45,32767,0,35,29,27,0,64,-8,0,-33,-28,-41,6,-75,-34,-36,-38,-50,-34,-47,-50,-77,-91,32767,-102,-111,-62,-206,-219,-254,-180,-185,-216,32767,32767,-624,32767,-591,-292,-310,-330,-346,-318,-416,-364,-372,-367,-389,-454,-406,-466,-489,-550,-512,-500,-468]} 1. d4 {[%emt 0:00:00]} Nf6 {[%emt 0:00:00]} 2. Bg5 {[%emt 0:00:00]} Ne4 {[%emt 0:01:09]} 3. h4 {[%emt 0:00:00]} c5 {[%emt 0:00:49]} 4. d5 {[%emt 0:00:04]} Qb6 {[%emt 0:00:37]} 5. Qc1 {[%emt 0:01:49]} h6 {[%emt 0:09:22]} 6. Be3 {[%emt 0:03:24]} e6 {[%emt 0:01:28]} 7. dxe6 {[%emt 0:00:51]} dxe6 {[%emt 0:01:42]} 8. Nd2 {[%emt 0:02:51]} Nxd2 {[%emt 0:01:06]} 9. Bxd2 {[%emt 0:00:16]} Nc6 {[%emt 0:00:32]} 10. Nf3 {[%emt 0:00:38]} Bd6 {[%emt 0:01:44]} 11. e4 {[%emt 0:02:38]} e5 {[%emt 0:11:37]} 12. c3 {[%emt 0:02:20]} Be6 {[%emt 0:00:42]} 13. Be2 {[%emt 0:02:53]} c4 {[%emt 0:15:53]} 14. Qc2 {[%emt 0:03:54]} Qa5 {[%emt 0:01:36]} 15. O-O {[%emt 0:02:41]} Qc7 {[%emt 0:04:10]} 16. Qa4 {[%emt 0:03:22]} Qa5 {[%emt 0:03:40]} 17. Qd1 {[%emt 0:01:36]} O-O {[%emt 0:00:27] [#]} (17... Rd8 $11) 18. Qc1 {[%emt 0:03:51]} (18. Bxh6 $1 $14 {[%mdl 512]} Bc5 (18... gxh6 19. Qxd6) 19. Bd2) 18... Qc7 {[%emt 0:02:03]} 19. Nh2 {[%emt 0:04:28]} Ne7 {[%emt 0:04:39]} 20. h5 {[%emt 0:00:54]} f5 {[%emt 0:06:22] [#]} 21. Bf3 {[%emt 0:05:54]} (21. Bxh6 $1 $11 {[%mdl 512]} fxe4 (21... gxh6 22. Qxh6) 22. Be3) 21... Qd7 {[%emt 0:02:02]} 22. Qc2 {[%emt 0:01:16]} f4 {[%emt 0:00:12]} 23. Rad1 {[%emt 0:00:23]} Rad8 {[%emt 0:00:45]} 24. Bc1 {[%emt 0:00:49]} Kh8 {[%emt 0:00:23]} 25. Qe2 {[%emt 0:00:15]} Ng8 {[%emt 0:03:53]} 26. Rd2 {[%emt 0:05:28]} Nf6 {[%emt 0:00:50]} 27. Rfd1 {[%emt 0:00:44]} Qe7 {[%emt 0:00:24]} 28. g4 $2 {[%emt 0:02:04]} ({White should try} 28. Ng4 $15) 28... Bc5 {[%emt 0:00:53]} 29. Kf1 {[%emt 0:08:23]} Nh7 {[%emt 0:00:15]} 30. Rxd8 {[%emt 0:00:24]} Rxd8 {[%emt 0:00:01]} 31. Ke1 {[%emt 0:03:13]} Rxd1+ {[%emt 0:01:49]} 32. Kxd1 {[%emt 0:01:19]} Qh4 {[%emt 0:00:19]} 33. Nf1 {[%emt 0:02:21]} Qxf2 {[%emt 0:00:18]} 34. Qxf2 {[%emt 0:02:57]} Bxf2 {[%emt 0:00:07]} 35. Ke2 {[%emt 0:00:29]} Bc5 {[%emt 0:00:14]} 36. Nd2 {[%emt 0:00:38]} Nf6 {[%emt 0:00:49]} 37. Kd1 {[%emt 0:00:45]} b5 {[%emt 0:00:25]} 38. Kc2 {[%emt 0:00:32]} Bxg4 {[%emt 0:01:26]} 39. Bxg4 {[%emt 0:00:21]} Nxg4 {[%emt 0:00:05]} 40. Nf3 {[%emt 0:00:19]} Bd6 {[%emt 0:01:38]} 41. b3 {[%emt 0:00:22]} cxb3+ {[%emt 0:00:29]} 42. axb3 $19 {[%emt 0:00:06]} Kg8 {[%emt 0:10:33]} 43. c4 {[%emt 0:00:12]} bxc4 {[%emt 0:00:15]} 44. bxc4 {[%emt 0:00:06]} Kf7 {[%emt 0:00:11]} 45. Bb2 {[%emt 0:00:57]} Ke6 {[%emt 0:00:19]} 46. Kb3 {[%emt 0:00:22]} Nf6 {[%emt 0:00:42]} 47. Ka4 {[%emt 0:01:26]} Nxe4 {[%emt 0:00:21]} 48. Kb5 {[%emt 0:00:22]} Ng5 {[%emt 0:01:46]} 49. Nd2 {[%emt 0:00:20]} e4 {[%emt 0:03:49]} 50. c5 {[%emt 0:00:46]} Bxc5 {[%emt 0:03:05]} 51. Kxc5 {[%emt 0:00:30]} e3 {[%emt 0:00:08]} 52. Nc4 {[%emt 0:00:28]} e2 {[%emt 0:00:14]} 53. Bc3 {[%emt 0:00:03]} Ne4+ {[%emt 0:00:04]} 0-1

[Event "1st 4NCL International U2050"]
[Site "Telford"]
[Date "2018.11.02"]
[Round "4"]
[White "Di-Vetta, Andrew"]
[Black "Murphy, Ross"]
[Result "0-1"]
[WhiteElo "1681"]
[BlackElo "1652"]
[Annotator "NA RC"]
[PlyCount "130"]
[EventDate "2018.10.31"]
[EventType "swiss"]
[EventCountry "GBR"]
[SourceTitle "playchess.com"]
[Source "ChessBase"]
[SourceQuality "1"]
[TimeControl "5400+30"]

1. e4 {[%emt 0:00:00]} Nf6 {[%emt 0:00:00]} 2. e5 {[%emt 0:00:00]} Nd5 {[%emt 0:00:00]} 3. d4 {[%emt 0:00:07]} d6 {[%emt 0:00:00]} 4. c4 {[%emt 0:00:07]} Nb6 {[%emt 0:00:00]} 5. exd6 {[%emt 0:00:18]} exd6 {[%emt 0:00:13]} 6. Nc3 {[%emt 0:00:51]} Nc6 {[%emt 0:00:56]} 7. Be3 {[%emt 0:01:08]} Bf5 {[%emt 0:00:47]} 8. a3 {[%emt 0:00:17]} Be7 {[%emt 0:01:38]} 9. Nf3 {[%emt 0:00:19]} Bg4 {[%emt 0:01:26]} 10. Qd3 {[%emt 0:06:25]} Bxf3 {[%emt 0:01:46]} 11. gxf3 {[%emt 0:00:05]} Na5 {[%emt 0:02:24]} 12. Qe4 {[%emt 0:01:34]} Nbxc4 {[%emt 0:04:09]} 13. Bxc4 {[%emt 0:01:19]} Nxc4 {[%emt 0:02:02]} 14. Nd5 {[%emt 0:03:09]} c6 {[%emt 0:01:21]} 15. Nxe7 {[%emt 0:01:18]} Qxe7 {[%emt 0:00:04]} 16. Qxe7+ {[%emt 0:02:38]} Kxe7 {[%emt 0:00:02]} 17. b3 {[%emt 0:00:50]} Nb6 {[%emt 0:00:05]} 18. h4 {[%emt 0:00:33]} Kd7 {[%emt 0:00:31]} 19. Rg1 {[%emt 0:00:22]} Rhg8 {[%emt 0:00:29]} 20. Kd2 {[%emt 0:00:55]} Nd5 {[%emt 0:00:54]} 21. Kd3 {[%emt 0:01:11]} Rae8 {[%emt 0:00:40]} 22. Rg4 {[%emt 0:01:12]} Re6 {[%emt 0:10:59]} 23. h5 {[%emt 0:02:06]} g6 {[%emt 0:02:24]} 24. Rag1 {[%emt 0:01:07]} Rge8 {[%emt 0:03:13]} 25. Bd2 {[%emt 0:02:18]} Re2 {[%emt 0:02:27]} 26. hxg6 {[%emt 0:00:44]} fxg6 {[%emt 0:01:05]} 27. Rh1 {[%emt 0:00:23]} R2e7 {[%emt 0:02:08]} 28. Rgh4 {[%emt 0:02:07]} Rh8 {[%emt 0:01:13]} 29. Bg5 {[%emt 0:01:12]} Rf7 {[%emt 0:00:16]} 30. f4 {[%emt 0:02:50]} Ne7 {[%emt 0:00:36]} 31. Rh6 {[%emt 0:03:03]} a5 {[%emt 0:04:08]} 32. Bxe7 {[%emt 0:06:31]} Kxe7 {[%emt 0:00:33]} 33. Rxg6 {[%emt 0:01:12]} hxg6 {[%emt 0:00:40]} 34. Rxh8 {[%emt 0:00:07]} Rxf4 {[%emt 0:00:57]} 35. Ke3 {[%emt 0:00:14]} Rf7 {[%emt 0:02:16]} 36. Ra8 {[%emt 0:01:28]} Rf5 {[%emt 0:01:29]} 37. a4 {[%emt 0:01:27]} Kd7 {[%emt 0:01:06]} 38. Rg8 {[%emt 0:01:08]} Rf6 {[%emt 0:01:07]} 39. f4 {[%emt 0:01:34]} Kc7 {[%emt 0:03:50]} 40. Rg7+ {[%emt 0:00:49]} Kb6 {[%emt 0:00:14]} 41. Kf3 {[%emt 0:01:21]} c5 {[%emt 0:01:03]} 42. d5 {[%emt 0:01:03]} Ka6 {[%emt 0:01:27]} 43. Ke4 {[%emt 0:01:22]} b5 {[%emt 0:00:24]} 44. Rc7 {[%emt 0:00:45]} bxa4 {[%emt 0:01:02]} 45. bxa4 {[%emt 0:00:05]} Kb6 {[%emt 0:02:18]} 46. Re7 {[%emt 0:00:55]} c4 {[%emt 0:04:10]} 47. Re8 {[%emt 0:01:31]} Kc7 {[%emt 0:01:57]} 48. Rh8 {[%emt 0:01:36]} Kb7 {[%emt 0:04:22]} 49. Rh1 {[%emt 0:01:39]} Rf7 {[%emt 0:02:30]} 50. Rc1 {[%emt 0:00:46]} Rc7 {[%emt 0:03:35]} 51. Rc3 {[%emt 0:00:42]} Kb6 {[%emt 0:01:21]} 52. Kd4 {[%emt 0:05:00]} Rf7 {[%emt 0:00:37]} 53. Ke4 {[%emt 0:02:07]} Kc5 {[%emt 0:01:00]} 54. Rg3 {[%emt 0:01:42]} Re7+ {[%emt 0:02:29]} 55. Kf3 {[%emt 0:00:10]} Rg7 {[%emt 0:00:27]} 56. Ke4 {[%emt 0:03:55]} Kb4 {[%emt 0:01:04]} 57. Kd4 {[%emt 0:00:08]} Rf7 {[%emt 0:01:37]} 58. Rg4 {[%emt 0:01:52]} Rf6 {[%emt 0:00:32]} 59. Ke4 {[%emt 0:00:42]} Kxa4 {[%emt 0:00:45]} 60. Rg1 {[%emt 0:00:11]} Kb3 {[%emt 0:01:02]} 61. Rb1+ {[%emt 0:00:18]} Kc2 {[%emt 0:00:11]} 62. Ra1 {[%emt 0:00:09]} c3 {[%emt 0:00:42]} 63. Rxa5 {[%emt 0:00:05]} Kd2 {[%emt 0:00:09]} 64. Ra3 {[%emt 0:01:06]} Rf7 {[%emt 0:01:11]} 65. Ra6 {[%emt 0:01:38]} c2 {[%emt 0:00:36]} 0-1